| 000 -LEADER |
| fixed length control field |
00333nam a2200121Ia 4500 |
| 008 - FIXED-LENGTH DATA ELEMENTS--GENERAL INFORMATION |
| fixed length control field |
190802s9999 xx 000 0 und d |
| 020 ## - INTERNATIONAL STANDARD BOOK NUMBER |
| International Standard Book Number |
978-0-19-940712-5 |
| 100 ## - MAIN ENTRY--PERSONAL NAME |
| Personal name |
Abdul Sattar |
| 245 #0 - TITLE STATEMENT |
| Title |
Pakistan's Foreign Policy 1947-2016 a concise history |
| 260 ## - PUBLICATION, DISTRIBUTION, ETC. (IMPRINT) |
| Place of publication, distribution, etc |
USA |
| Name of publisher, distributor, etc |
Oxford University Press |
| Date of publication, distribution, etc |
2017 |
| 300 ## - PHYSICAL DESCRIPTION |
| Extent |
378:p |
| 942 ## - ADDED ENTRY ELEMENTS (KOHA) |
| Koha item type |
Books |